Magnetic ILLIT Lyrics - Statistics

General Stats
  • This quiz has been taken 28 times
    27 since last reset
  • The average score is 195 of 236
Answer Stats
Answer % Correct
magnetic
100%
a
93%
Baby
93%
baby
93%
cool
93%
go
93%
I
93%
it
93%
J
93%
just
93%
like
93%
minute
93%
my
93%
P
93%
play
93%
This
93%
time
93%
Wait
93%
want
93%
you
93%
You
93%
boy
86%
But
86%
gosh
86%
heart
86%
I'm
86%
it's
86%
S
86%
super
86%
that
86%
to
86%
trying
86%
Bae
79%
bae
79%
crush
79%
don't
79%
N
79%
no
79%
No
79%
oh
79%
say
79%
We're
79%
you're
79%
can't
71%
hide
71%
let's
64%
magnetized
64%
So
64%
light
57%
lub-dub
57%
yeah
57%
back
50%
chemistry
50%
dash-da
50%
green
50%
Never
50%
our
50%
Our
50%
pull
50%
push
50%
and
43%
holding
43%
type
43%
Dash-da-da
36%
dash-da-da
36%
No matching quizzes found
Score Distribution
Percent of People with Each Score
Percentile by Number Answered
Your Score History
You have not taken this quiz since the last reset